000 00246nam a2200121Ia 4500
100 _aSHARMA/P.C.
942 _cBK
245 _aProduction technology
260 _bS. Chand & co.
_c2004
082 _a671/SHA
300 _a784
546 _aENGLISH
999 _c17762
_d17762